Modernidad líquida /

-д хадгалсан:
Номзүйн дэлгэрэнгүй
Үндсэн зохиолч: Bauman, Zygmunt (autor)
Формат: Ном
Хэл сонгох:испани
Хэвлэсэн: Buenos Aires, Argentina : Fondo de Cultura Económica, 2004, c2002
Цуврал:(Sección de Obras de Sociología)
Нөхцлүүд:
Шошгууд: Шошго нэмэх
Шошго байхгүй, Энэхүү баримтыг шошголох эхний хүн болох!

MARC

LEADER 00000nam^a2200000^a^4500
001 000595179
005 20250521000000.0
009 20260526153713.45
020 |a 950-557-513-0 
037 |a Acervo ITESO - Biblioteca 
041 |a ESP 
082 |a 149. 97  |b BAU OBR MOD 
100 |a Bauman, Zygmunt  |e (autor) 
245 1 0 |a Modernidad líquida /  |c Z. Bauman ; tr. por Mirta Rosenberg. 
264 4 |a Buenos Aires, Argentina :  |b Fondo de Cultura Económica,  |c 2004, c2002 
300 |a 232 p. 
336 |a texto  |b txt  |2 rdacontenido 
337 |a sin mediación  |b n  |2 rdamedio 
338 |a volumen  |b nc  |2 rdasoporte 
440 1 |a (Sección de Obras de Sociología) 
500 |a Traducción de: Liquid Modernity 
545 0 |a Nacido dentro de una familia judía en Poznan, Polonia en 1925, Zygmunt Bauman se formó en sociología y filosofía en la Universidad de Varsovia. Abandonó su país natal en 1968, a causa de la política antisemita del gobierno de su país, residiendo a partir de entonces en diversos lugares, incluido Israel. Inicialmente interesado en el socialismo, las clases sociales y los movimientos laborales, Bauman está desde hace buen tiempo preocupado por el devenir de la sociedad contemporánea. Una sociedad que, afirma, vive lo que ha denominado como modernidad líquida, en la cual las identidades son móviles y la convivencia entre las personas no es un escenario para el diáologo, sino espacios de exclusión, asimilación o supresión mental del otro. 
649 |a XX 
650 |a Sociedad Postindustrial 
650 |a Individualismo 
650 |a Consumismo 
650 |a Trabajo 
650 |a Capitalismo 
650 |a Nacionalismo 
650 |a Política Cultural 
650 |a Modernidad Líquida -  |x Tema Principal 
650 |a Modernidad y Posmodernidad 
650 |a Sociología de la Cultura 
650 |a Filosofía Política 
650 |a Filosofía del Siglo XX 
650 |a Filosofía Polaca 
910 |a Fondo Castillo-Martínez 
920 |a Impresos - Libros 
930 |a Fondos Especiales 
905 |a 127 
901 |a 595179-10  |b IT2  |c ESP  |i D128123  |u 20250521 
902 |a https://opac.biblio.iteso.mx/vufind/Record/000595179